Statistics for Guess the country from the first few letters

Click here to take the quiz!

General Stats

  • This quiz has been taken 83 times
  • The average score is 14 of 20

Answer Stats

First few lettersCountry% Correct
Austr-Austria
99%
Lib-Liberia
96%
Turk-Turkmenistan
93%
Slov-Slovenia
92%
Ind-Indonesia
91%
Chi-Chile
86%
Bel-Belarus
86%
Nor-Norway
82%
Maurit-Mauritania
79%
Sou-South Korea
68%
United-United Arab Emirates
64%
Bur-Burundi
62%
Gre-Grenada
59%
Turk-Turkey
59%
Saint-Saint Vincent and the Grenadines
57%
Dom-Dominican Republic
45%
Mal-Malaysia
43%
Mal-Malawi
37%
Bah-Bahamas
33%
Mal-Malta
25%

Score Distribution

Percentile by Number Answered

Percent of People with Each Score

Your Score History

You have not taken this quiz